Statistics for Winners of the French Top 14

Click here to take the quiz!

General Stats

  • This quiz has been taken 12 times
  • The average score is 53 of 122

Answer Stats

YearTeam% Correct
1893 | 1894 | 1895 | +11 othersStade Français Paris
82%
1931 | 1987 | 1992 | 2014RC Toulon
73%
1912 | 1922 | 1923 | +18 othersStade Toulousain
73%
1910 | 1932 | 1933Lyon OU
64%
1899 | 1904 | 1905 | +5 othersUnion Bordeaux Bégles
64%
2022Montpellier
55%
1892 | 1900 | 1902 | +3 othersRacing 92
55%
2010 | 2017ASM Clermont Auvergne
45%
1928 | 1946 | 1964Section Paloise
45%
1914 | 1921 | 1925 | +4 othersUSA Perpignan
45%
1949 | 1950 | 1993 | +2 othersCastres Olympique
36%
1913 | 1934 | 1943Aviron Bayonnais
27%
1935 | 1939 | 2002 | +2 othersBiarritz Olympique
27%
1954FC Grenoble
27%
1930 | 1945 | 1962 | +5 othersSU Agen
18%
1961 | 1971 | 1972 | +8 othersAS Bèziers
9%
1936 | 1979RC Narbonne
9%
1920 | 1973Tarbes Pyrénées
9%
1967US Montauban
9%
1969CA Bèglais
0%
1948 | 1952 | 1953 | +5 othersFC Lourdes
0%
1970La Voulte Sportif
0%
1896Olympique
0%
1937RC Vienne
0%
1963Stade Montois
0%
1951US Carmaux
0%
1929US Quillan
0%

Score Distribution

Percentile by Number Answered

Percent of People with Each Score

Your Score History

You have not taken this quiz